The Oxford India anthology of modern urdu literature : (Record no. 9499)

MARC details
000 -LEADER
fixed length control field 00877 a2200229 4500
005 - DATE AND TIME OF LATEST TRANSACTION
control field 2010050403513.0
008 - FIXED-LENGTH DATA ELEMENTS--GENERAL INFORMATION
fixed length control field 100504t xxu||||| |||| 00| 0 eng d
010 ## - LCCN (DPL NO)
LC control number ENG-88935
020 ## - INTERNATIONAL STANDARD BOOK NUMBER
Terms of availability 795.00
International Standard Book Number 9780195692174
035 ## - SYSTEM CONTROL NUMBER
System control number EN-72468
037 ## - SOURCE OF ACQUISITION
Source of stock number/acquisition DBAD / PUB
082 ## - DEWEY DECIMAL CLASSIFICATION NUMBER
Classification number 840.8
245 ## - TITLE STATEMENT
Title The Oxford India anthology of modern urdu literature :
Statement of responsibility, etc edited by Mehr Afshan Farooqi
Remainder of title fiction /
260 ## - PUBLICATION, DISTRIBUTION, ETC. (IMPRINT)
Place of publication, distribution, etc New Delhi
Name of publisher, distributor, etc Oxford University Press
Date of publication, distribution, etc 2008
270 ## - ADDRESS
Address YMCA Library Building, Jai Singh Road
State or province New Delhi
Postal code 110 001
300 ## - PHYSICAL DESCRIPTION
Extent xxxiii, 349p.;
Dimensions 23cm (Hb)
500 ## - GENERAL NOTE
General note Includes bibliographical references and index
700 ## - ADDED ENTRY--PERSONAL NAME
Personal name Farooqi, Mehr Afshan
942 ## - ADDED ENTRY ELEMENTS (KOHA)
Institution code [OBSOLETE] dpl
Item type English Books
Call number prefix 840.8 / OXF
Source of classification or shelving scheme Dewey Decimal Classification
Holdings
Withdrawn status Lost status Source of classification or shelving scheme Damaged status Not for loan Collection code Home library Current library Source of acquisition Cost, normal purchase price Total Checkouts Full call number Barcode Date last seen Copy number Cost, replacement price Koha item type Date acquired
    Dewey Decimal Classification   Ordered   Andrews Gunj Andrews Gunj           04/05/2010       04/05/2010
    Dewey Decimal Classification   Not For Loan Non-fiction D.B.Act.Division D.B.Act.Division DBAD/PUB 795.00   840.8 EN-72468 15/09/2008 1 795.00 English Books  

© Delhi Public Library
Hit Counter
free hit counter